UEFA Women's European Championship Host Cities 1991-2025 - Statistics

General Stats
  • This quiz has been taken 18 times
  • The average score is 18 of 61
Answer Stats
Edition City % Correct
England 2022 London
88%
Sweden 2013 Gothenburg
81%
England 2005 Manchester
81%
England 2022 Manchester
81%
Switzerland 2025 Bern
75%
Sweden 2013 Stockholm
75%
Switzerland 2025 Zurich
75%
Switzerland 2025 Basel
69%
Switzerland 2025 Geneva
69%
Finland 2009 Helsinki
69%
Norway & Sweden 1997 Oslo
69%
Sweden 2013 Norrkoping
56%
Netherlands 2017 Rotterdam
56%
Denmark 1991 Aalborg
50%
England 2022 Sheffield
50%
Finland 2009 Turku
50%
England 2022 Brighton
44%
England 2022 Southampton
44%
Finland 2009 Tampere
44%
England 2005 Blackburn
31%
Netherlands 2017 Enschede
31%
Sweden 2013 Linkoping
31%
Switzerland 2025 Luzern
31%
England 2022 Milton Keynes
31%
Switzerland 2025 Sion
31%
Switzerland 2025 Thun
31%
England & Germany & Norway & Sweden 1995 Kaiserslautern
25%
Switzerland 2025 St Gallen
25%
Netherlands 2017 Tilburg
25%
Netherlands 2017 Utrecht
25%
England 2005 Blackpool
19%
Netherlands 2017 Breda
19%
Sweden 2013 Halmstad
19%
Finland 2009 Lahti
19%
England 2005 Preston
19%
Germany 2001 Ulm
19%
England & Germany & Norway & Sweden 1995 Watford
19%
Netherlands 2017 Deventer
13%
Netherlands 2017 Doetinchem
13%
England & Germany & Norway & Sweden 1995 Jonkoping
13%
England 2022 Rotherham
13%
Germany 2001 Aalen
6%
England & Germany & Norway & Sweden 1995 Bochum
6%
Italy 1993 Cesena
6%
Germany 2001 Erfurt
6%
Germany 2001 Jena
6%
Sweden 2013 Kalmar
6%
Norway & Sweden 1997 Karlstad
6%
Germany 2001 Reutlingen
6%
Sweden 2013 Vaxjo
6%
Italy 1993 Cesenatico
0%
Denmark 1991 Frederikshavn
0%
Denmark 1991 Hjorring
0%
Norway & Sweden 1997 Karlskoga
0%
England & Germany & Norway & Sweden 1995 Kristiansand
0%
England 2022 Leigh
0%
Norway & Sweden 1997 Lillestrom
0%
Norway & Sweden 1997 Moss
0%
Italy 1993 Rimini
0%
Italy 1993 Santa Sofia
0%
England 2005 Warrington
0%
No matching quizzes found
Score Distribution
Percent of People with Each Score
Percentile by Number Answered
Your Score History
You have not taken this quiz